Englannin ja Britannian hallitsijat - Statistics

Yleistilastot
  • Tätä visaa on pelattu 21 kertaa
  • Keskiarvotulos 11 / 44
Vastaustilastot
Valtakausi Titteli Hallitsija % Oikein
2022- Kuningas Charles III
92%
1952-2022 Kuningatar Elisabet II
92%
1837-1901 Kuningatar Viktoria
69%
1936-1952 Kuningas Yrjö VI
62%
1558-1603 Kuningatar Elisabet I
46%
1936 Kuningas Edvard VIII
38%
1553-1558 Kuningatar Maria I
31%
1066-1087 Kuningas Vilhelm I
31%
1714-1727 Kuningas Yrjö I
31%
1727-1760 Kuningas Yrjö II
31%
1760-1820 Kuningas Yrjö III
31%
1820-1830 Kuningas Yrjö IV
31%
1910-1936 Kuningas Yrjö V
31%
1901-1910 Kuningas Edvard VII
23%
1100-1135 Kuningas Henrik I
23%
1509-1547 Kuningas Henrik VIII
23%
1660-1685 Kuningas Kaarle II
23%
1135-1154 Kuningas Tapani
23%
1087-1100 Kuningas Vilhem II
23%
1702-1714 Kuningatar Anna
15%
1272-1307 Kuningas Edvard I
15%
1307-1327 Kuningas Edvard II
15%
1327-1377 Kuningas Edvard III
15%
1461-1470,1471-1483 Kuningas Edvard IV
15%
1483 Kuningas Edvard V
15%
1547-1553 Kuningas Edvard VI
15%
1154-1189 Kuningas Henrik II
15%
1216-1272 Kuningas Henrik III
15%
1399-1413 Kuningas Henrik IV
15%
1413-1422 Kuningas Henrik V
15%
1422-1461, 1470-1471 Kuningas Henrik VI
15%
1485-1509 Kuningas Henrik VII
15%
1603-1625 Kuningas Jaakko I
15%
1685-1688 Kuningas Jaakko II
15%
1625-1649 Kuningas Kaarle I
15%
1189-1199 Kuningas Rikhard I
15%
1377-1399 Kuningas Rikhard II
15%
1830-1837 Kuningas Vilhelm IV
15%
1199-1216 Kuningas Juhana
8%
1689-1694 Kuningatar Maria II
8%
1653-1658 Lordiprotektori Oliver Cromwell
8%
1658-1659 Lordiprotektori Richard Cromwell
8%
1483-1485 Kuningas Rikhard III
8%
1689-1702 Kuningas Vilhelm III
8%
Ehtoja vastaavia visoja ei löytynyt
Tulosjakauma
Jokaisen tuloksen saaneiden osuus
Persentiili vastausten määrän mukaan
Tuloshistoriasi
Et ole pelannut tätä visaa